KOHA-Header-6

Business Research Methods (Record no. 1007)

000 -LEADER
fixed length control field 00320nam a2200133Ia 4500
008 - FIXED-LENGTH DATA ELEMENTS--GENERAL INFORMATION
fixed length control field 190722s9999 xx 000 0 und d
020 ## - INTERNATIONAL STANDARD BOOK NUMBER
International Standard Book Number 978-81-315-1851-9
100 ## - MAIN ENTRY--PERSONAL NAME
Personal name Zikmund
245 #0 - TITLE STATEMENT
Title Business Research Methods
250 ## - EDITION STATEMENT
Edition statement 8th
260 ## - PUBLICATION, DISTRIBUTION, ETC. (IMPRINT)
Place of publication, distribution, etc New Delhi
Name of publisher, distributor, etc Cengage learning
Date of publication, distribution, etc 2013
300 ## - PHYSICAL DESCRIPTION
Extent 750
942 ## - ADDED ENTRY ELEMENTS (KOHA)
Koha item type Books
Holdings
Withdrawn status Lost status Source of classification or shelving scheme Damaged status Not for loan Collection code Permanent Location Current Location Shelving location Date acquired Total Checkouts Full call number Barcode Date last seen Date checked out Price effective from Koha item type
          Business MAJU MAJU   2019-07-22 3 658.403 7632 2023-02-14 2023-02-08 2019-07-22 Business

Powered by Koha